000 00638nam a2200253Ia 4500
003 OSt
005 20221007074731.0
006 a|||||r|||| 00| 0
007 ta
008 221006b |||||||| |||| 00| 0 eng d
020 _cRs. 795/-
024 _a9,698
037 _cTextual
040 _aFLL
_cFLL
_beng
041 _2eng
_aeng
082 _aZ2,891, P1
100 _aPal Samaraditya
_9425007
245 0 _aLaw of contempt
250 _a3rd
260 _aNagpur
_bWadhwa and Company India
_c2001
300 _alii,616p
_ccm.
942 _hZ2,891, P1
_cTEXL
_2CC
999 _c1153479
_d1153479